4/ Calendrier de l'Avent - Films de Noël - Statistiques

Statistiques générales
  • Ce quiz a été pris 150 fois
  • Le résultat moyen est 9 sur 24
Statistiques - réponses
Année Film % Correct
1982 Le Père Noël est {une} {ordure}
99%
2005 Joyeux {Noël}
91%
1979 Les Bronzés {font} {du} {ski}
91%
1990 Maman, j'ai {raté} {l'} {avion}
90%
2004 Le pôle {express}
68%
2003 Love {actually}
67%
2018 Le calendrier {de} {l'} {Avent}
51%
2016 {Joyeux} bordel
49%
2001 Le journal de {Bridget} {Jones}
48%
1998 Piège de {cristal}
47%
1946 La vie {est} {belle}
34%
1996 La course {aux} {jouets}
27%
2009 Le drôle de Noël de {Scrooge}
27%
2021 Les {Tuche} 4
23%
1969 L'{arbre} {de} Noël
21%
1994 L'étrange Noël {de} {M. Jack}
21%
2002 8 {femmes}
20%
2000 Le {Grinch}
17%
2003 Bad {Santa}
14%
2005 Esprit de {famille}
14%
2008 Un {conte} {de} Noël
8%
2017 A Christmas {prince}
5%
1947 Miracle sur {la} {34e} {rue}
5%
2004 Un Noël {de} {folie}
3%
Aucun quiz correspondant
Distribution des résultats
% des personnes avec chaque résultat
Percentile par nombre de réponses
Votre historique - résultats
Vous n’avez pas pris ce quiz